Normal view
MARC view
- Syed Muhammad Aesar Aziz Zaidi
Entry Personal Name
001 - CONTROL NUMBER
- control field: 70253
003 - CONTROL NUMBER IDENTIFIER
- control field: NUST
005 - DATE AND TIME OF LATEST TRANSACTION
- control field: 20210628204418.0
008 - FIXED-LENGTH DATA ELEMENTS
- fixed length control field: 210628|| aca||aabn | a|a d
040 ## - CATALOGING SOURCE
- Original cataloging agency: NUST
- Transcribing agency: NUST
100 ## - HEADING--PERSONAL NAME
- Personal name: Syed Muhammad Aesar Aziz Zaidi
670 ## - SOURCE DATA FOUND
- Source citation: Work cat.: (NUST): Syed Muhammad Aesar Aziz Zaidi, TH-SOf-1125-FAULT DIAGNOSIS IN MECHANICAL ASSEMBLIES THROUGH VIBRATION ANALYSIS USING TIME-FREQUENCY TECHNIQUES, PRINCIPAL COMPONENT ANALYSIS AND NEURAL NETWORKS, 2001
